[Event "SCG-chT"]
[Site "Budva"]
[Date "2003.09.07"]
[Round "9.21"]
[White "Atalik, Suat"]
[Black "Aleksandrov, Aleksej"]
[Result "0-1"]
[WhiteElo "2599"]
[BlackElo "2659"]
[Annotator "Atalik,S"]
[PlyCount "106"]
[EventDate "2003.09.??"]
[EventType "team"]
[EventRounds "11"]
[EventCountry "YUG"]
[SourceTitle "CBM 096 Extra"]
[Source "ChessBase"]
[SourceDate "2003.10.22"]
[SourceVersion "2"]
[SourceVersionDate "2003.10.20"]
[SourceQuality "1"]

1. Nf3 Nf6 2. c4 e6 3. Nc3 d5 4. d4 Bb4 {My Belarus opponent is very
predictable.Ragozin is almost the only thing he does against 1.d4.} 5. cxd5
exd5 6. Bg5 Nbd7 {These days he enjoys Westphalia Variation more than} (6... h6
7. Bh4) 7. e3 c5 8. Bb5 {Young Alex's favorite.} Qa5 9. O-O $1 ({In our last
encounter I did not have forced him to enter complications.} 9. Bxd7+ Nxd7 10.
O-O {By this move order he is not forced to exchange bishops.} c4 $13 {
Atalik-Aleksandrov,Istanbul(EIC) 2003.}) 9... Bxc3 10. Bxd7+ Bxd7 $5 {I was
very well prepared for this.} (10... Nxd7 11. bxc3 c4 12. Qc2 $14 {is better
for white like Yermo proved a lot of times.}) 11. Bxf6 Bb5 12. Bxg7 Rg8 13.
bxc3 {This is simply called a bad preparation.} Bxf1 14. Qb1 $1 {The computer
move. However it is toothless if he continues the game keeping his sang froid.}
(14. Qxf1 Rxg7 15. dxc5 Qxc5 16. Nd4 O-O-O 17. Rb1 $44) 14... Rxg7 15. Qxb7 Rd8
$2 {As expected he has lost his head in complications} (15... Bxg2 $1 16. Qxa8+
Ke7 17. Qb7+ Kf6 $1 {anywhere with the king but this one looks like the safest
square.} (17... Ke8 $5 {gives and extra option.} 18. Qb8+ $1 Ke7 (18... Qd8 $2
19. Qxd8+ Kxd8 20. Ne1 Be4+ 21. Kf1 c4 22. f3 Bf5 23. Kf2 Rg6 24. Ng2 Rb6 25.
Re1 $1 (25. Nf4 $2 Rb2+ 26. Kg3 Be6 $1 $44) 25... Bd3 26. Nf4 Rb2+ 27. Kg3) 19.
Qe5+ Kf8 20. Qd6+ Ke8 21. Qf6 Kf8 22. Ng5 Be4 23. dxc5 $1 h6 $8 (23... Qc7 $2
24. Kf1 Bd3+ 25. Ke1 Kg8 26. Kd2 Be4 27. Qd6 $1 Qc8 28. Nxe4 dxe4 29. Rb1 Rg6
30. Qb8 $18) 24. Qd6+ Ke8 25. Qxh6 Qxc3 26. Qc6+ $11) 18. Qc6+ Ke7 19. Qh6 (19.
Ne5 $2 Bh3+ 20. Kh1 Qxc3 21. Qxc5+ Qxc5 22. dxc5 Bg2+ 23. Kg1 Ke6 24. f4 Be4+
25. Kf1 Rg2 $17 {may even be dangerous for white.}) (19. Nh4 $2 Be4+ 20. Kf1
Bd3+ $19) 19... Rg8 $8 (19... Rg6 $2 20. Qh4+ Ke8 21. Ne5 Rg8 22. Qxh7 $18) 20.
Qxh7 (20. Ng5 Be4) 20... Qd8 (20... Kf8 21. Qh6+ Ke7 22. Qh7 $11 (22. Ng5 $6
Be4 23. Qh5 Rg7 $40)) 21. Qh4+ f6 22. Ne1 Be4+ 23. Kf1 Qa5 24. f3 Qb5+ 25. c4
Qxc4+ 26. Kf2 Qc3 27. fxe4 Qxa1 28. Qh7+ Kf8 29. Qh6+ $11) 16. Rxf1 Kf8 {
I did not expect this.} ({Before the game I was only counting on} 16... Qb6 17.
Rb1 Qxb7 18. Rxb7 Rd7 19. Rb8+ Rd8 20. Rb5 $16 {The possibility of bringing my
knight to f4 makes the ending every unpleasant for black.}) 17. dxc5 $1 {
After his unexpected move I have sitten there like a frozen pizza and thought
for 50 minutes and equalized the clocks. These days I am just too slow.} (17.
g3 c4 18. Qb2 Qb6 19. Qc2 $44) (17. Nh4 $2 Qb6 18. Rb1 Qf6 $1 19. Qc7 Qxh4 20.
Rb8 Re8 21. Rxe8+ Kxe8 22. Qe5+ Kf8 23. Qb8+ Ke7 24. Qe5+ $11) 17... Qxc5 18.
Rb1 $1 {I did not give him a second chance to exchange the queens.} Qxc3 {
I was surprised by his quick hand. And after this I have spent some more time
if I can safely pick up a7.} (18... Kg8 19. g3 Qxc3 20. Qxa7 $16 {is similar
to the game.}) 19. Qxa7 $16 {Of course tactics make this move possible.} Qc2 $1
({After} 19... Qf6 20. Qa5 $1 Rc8 21. Qb4+ Kg8 22. Nd4 Qg6 23. g3 $16) 20. Qb6
Rc8 21. g3 Rg6 $8 (21... Qxa2 $2 22. Qd6+ Kg8 23. Rb8 $18 {is just impossible.}
) 22. Qb4+ (22. Qb2 $2 Qxb2 23. Rxb2 Ra6 24. Rd2 {is just a draw.}) 22... Kg8
23. Nd4 $1 {I had to give up this pawn and then had two ways before me: Either
to win d5 pawn or to squeeze him in the kingside.} ({The following lines does
not bring any advantage!} 23. Nh4 Rg5 $1) (23. a4 Ra6) 23... Qxa2 24. Nf5 Re8
25. Rc1 $6 {It has looked optically better than anything else.} (25. Rd1 $142
$16) 25... Qa7 $8 {Here I am in crossroads.} 26. Qf4 (26. Qb5 {Goes for to get
d5 pawn.} Rge6 $5 (26... Rd8 $2 27. Qxd5 $1) (26... Qa8 27. Rc7 (27. Rd1 Re5
28. Qd7 (28. Rxd5 Rd6 $5 29. Nxd6 Rxd5 30. Qe8+ Qxe8 31. Nxe8 Re5 32. Nd6 Kf8
33. Nc4 Rd5 34. Kf1 $16 {The knight comes out safely but I was avoiding this
type of ending all game long it looks to me that this guy can defend it easily.
}) 28... Rge6 29. Rc1 Qf8 30. Rc7 Rxf5 31. Rc8 Qxc8 32. Qxc8+ Kg7 $11) 27...
Qa1+ 28. Kg2 Qe5 29. Qd7 Rf6 30. Rc8 Kf8 $8 (30... Rfe6 $2 31. Nh6+ Kg7 32. Ng4
$18 {Overload.}) 31. f3 $1 (31. g4 Qe6) 31... Qe6 32. Rxe8+ Qxe8 33. Qxd5 Rxf5
$1 34. Qxf5 Qxe3 $14 {Another ending which gives black all the chances to save
the day.}) 27. Qxd5 Qb8 28. Qf3 Qe5 $14 {Is a more or less defendable position
for black.}) 26... Qb6 27. h4 {I have decided for the march of of h pawn since
I did not like greedy alternatives.} (27. Rc7 Qf6 $8 (27... Rf6 $2 28. Nh6+ Kh8
29. Nxf7+ Kg8 30. Qg4+ Kf8 31. Nh6 Qb1+ 32. Kg2 Qe4+ 33. Qxe4 Rxe4 34. Rxh7 d4
35. exd4 Rxd4 36. f4 $18) (27... Qb1+ 28. Kg2 Qe4+ 29. Qxe4 dxe4 30. Ne7+ Kg7
31. Nxg6 hxg6 32. g4 $18) (27... Qe6 28. h4 h5 (28... h6 29. h5 Rf6 30. Qg4+
$18) (28... Kh8 29. Nd4 Qf6 30. Rxf7 Qxf4 31. Rxf4) 29. Rb7 $18) 28. h4 (28.
Ne7+ Qxe7 29. Rxe7 Rxe7 $11) (28. Re7 Qxe7 $8 (28... Rd8 29. Re5 $1 d4 (29...
Kh8 30. Ne7 Qxf4 31. Nxg6+ hxg6 32. exf4 $1 $18) 30. exd4 Kh8 31. Re7 Kg8 32.
Qc7 Ra8 33. Qd7 Qc6 34. Qxc6 Rxc6 35. d5 Rf6 36. Re5 $16) 29. Nxe7+ Rxe7 $11)
28... Kh8 $16) 27... Kh8 28. h5 Rge6 29. Qg4 $2 {An absolutely empty move. I
had something much better to my disposal.} (29. Qg5 Qb2 30. Rc7 Qf6) (29. Nd4
$1 Rf6 30. Qg5 Rd6 31. Nf5 Rg8 32. Qe7 $1 (32. Nxd6 Rxg5 33. Nxf7+ Kg7 34. Nxg5
Kh6 $1 35. Nh3 d4 36. exd4 Qxd4 37. Nf4 Qe4 $11) (32. Rc8 Rdd8) 32... Rf6 33.
Nd4 (33. Qe5 Qe6) 33... h6 34. Kg2 Kh7 35. Rc7 $16) 29... Qb2 30. Rc5 (30. Rc7
Qf6 31. h6 Rd8 32. Kg2 $16) 30... Rd8 31. Nd4 (31. h6 Rg6 32. Qd4+ (32. Qf4
Qb1+ 33. Kh2) 32... Qxd4 33. exd4 Rg5 (33... Rf6 34. g4 Rg8 35. Rxd5 Rxg4+ 36.
Kf1 Rg5 37. Rd8+ Rg8 38. Rd5 $11) 34. Ne7 Re8 35. Rc7 Rh5 36. Rc6 Rg5 37. Rc7
$11) (31. Qg5 Qf6 32. Nh6 Rde8 33. Qxf6+ Rxf6 34. Ng4 Rd6 35. Rc7 Kg7 36. f4
Kf8 37. Kf2 h6 $11) 31... Qb1+ 32. Kh2 (32. Kg2 Qe4+ 33. Qxe4 Rxe4 34. h6 Kg8
35. Kf3 Ree8 36. g4 $14) 32... Rf6 33. Rc2 Rg8 34. Qh4 Qb6 35. Kg2 (35. Rb2 Qd6
) 35... h6 {Now since he has consolidated maybe I should have take a draw.} 36.
Rb2 $6 {Here around I have totally lost my composure when we both had 2
minutes plus an increment of 30 seconds per move till the end of the game.} (
36. Rc5 $5 Rxf2+ (36... Rg5 37. Rc8+ Kh7 38. Nf3 Rg8 39. Rxg8 Kxg8 40. Qg4+ Kh7
41. Nd4 Qb1 42. Qe2 Rb6 43. Qf3 Qe4 44. g4 Rb1 45. Qxe4+ dxe4 46. Kg3 Rg1+ 47.
Kf4 Rg2 48. f3 exf3 49. Kxf3 $11) 37. Kxf2 Qxc5 38. Qf6+ Rg7 39. Nf5 Qc2+ 40.
Kg1 Qd1+ 41. Kg2 Qe2+ 42. Kg1 Qe1+ $11) 36... Qd6 $1 {My last move allowed him
to transfer the queen to the other side.} 37. Rb5 $6 {Another useless move.} (
37. Ne2 $5) (37. Rb4 Qe5 38. Nf3 Qe6 39. Rf4 $11) 37... Qe5 38. Ne2 ({Believe
or not I have even considered this one being very low on the clock.} 38. f4 $2
Qe4+ 39. Kf2 Ra6 40. Rb2 Re8 41. Re2 Qb1 42. Qg4 Ra1 $19) 38... Rf5 39. Nf4 $4
{This is the beginning of my collapse.} (39. e4 $1 Rxh5 40. Rxd5 Rxh4 41. Rxe5
Rhg4 42. f3 R4g5 43. Re7 Kg7 44. Rb7 $11) (39. Rb6 Kh7 40. Nd4 Rxh5 41. Nf3 Qf5
42. Rf6 $11) 39... Qe4+ 40. Kh2 Qf3 41. Kg1 (41. Ng6+ Rxg6) 41... Rfg5 $1 $19 {
The threat of Rg3 made me to go down to seconds.} 42. Rb2 $8 Rc8 43. Rb1 Rc2
44. Rf1 (44. Qh2 d4 $19) 44... Rc4 $2 {He also falters under time pressure.} ({
After the nasty} 44... Rd2 $1 45. Qh3 d4 $1 $19 {White is totally paralysed.})
45. Qh1 Qg4 46. Qg2 ({I did not like} 46. Nxd5 Rxh5 47. Qg2 Rg5 {because I
have thought after this move black will come on me with h pawn's march but
maybe I am wrong.} 48. Ra1 Kg7 49. Nf4 Rgc5 (49... h5 50. Qb7 h4 51. Qe7 Rgc5 (
51... Rxf4 52. exf4 Qxf4 53. Ra4 Qc1+ 54. Kg2 Qc6+ 55. Qe4 $11) 52. Ra7 $1 {
looks defendable since} Rc1+ $140 53. Kg2 h3+ 54. Nxh3)) 46... Rc5 (46... d4
47. Qe4) 47. Ra1 $5 {Trying to untangle my pieces.} (47. Re1 Kg7 48. Qf1 d4 49.
exd4 Rcf5 50. Ne2 Qxh5 51. Qg2 $11) 47... Kg7 48. Qf1 d4 49. exd4 $2 {I could
have got out of the hook with} (49. Qd3 $1 dxe3 50. Qxe3 $11) 49... Rcf5 $1 50.
Ng2 $2 {After this point we both started to make really wrong choices.} (50.
Ne2 Rxh5 51. Re1 $15) 50... Qxh5 $2 {The wrong pawn.} (50... Qxd4 $19) 51. Qd3
$4 {One blunder follows the other.} (51. Ne3 $1 Rxg3+ (51... Rf3 52. Qd1 Rg6
53. d5) (51... Rf4 52. d5 Rf6 53. Qg2 $15) 52. fxg3 Rxf1+ 53. Rxf1 $11 {
is just equal.}) 51... Qh3 $19 {Now he is just winning but I have pulled out
my final self destructive combination which i have had when i have played my
51st move.} 52. Nh4 $2 (52. Qe4 Rh5 53. Nh4 (53. Nf4 Qh2+ 54. Kf1 Qh1+ $19)
53... Rfg5 $19) (52. Re1 $142 $1 Rh5 53. f4 Ra5 54. Kf2 $17) (52. Ra3 Rh5 53.
Nh4 Rfg5 $19) 52... Qxh4 $1 53. Qxf5 Qxd4 {My queen can not reach a3 square
which is the only possible point to protect myself against all the possible
threats.} 0-1

[Event "Corus-C"]
[Site "Wijk aan Zee"]
[Date "2006.01.16"]
[Round "3"]
[White "Atalik, Suat"]
[Black "Li, Shilong"]
[Result "1-0"]
[WhiteElo "2618"]
[BlackElo "2543"]
[Annotator "Atalik,S"]
[PlyCount "81"]
[EventDate "2006.01.14"]
[EventType "tourn"]
[EventRounds "13"]
[EventCountry "NED"]
[EventCategory "9"]
[SourceTitle "CBM 111"]
[Source "ChessBase"]
[SourceDate "2006.04.04"]
[SourceVersion "1"]
[SourceVersionDate "2006.04.04"]
[SourceQuality "1"]

{I have played this guy in Beijing like 10 years ago for the first time.He
really seemed to have tactical abilities.} 1. Nf3 e6 2. c4 Nf6 3. Nc3 d5 4. d4
Bb4 5. Bg5 Nbd7 {Westphalia Defence.} 6. cxd5 exd5 7. Rc1 $5 {A rare move.} h6
(7... c5 {gives white what he wants.} 8. dxc5 Nxc5 (8... Qa5 9. Bd2) 9. Qd4
Bxc3+ 10. Rxc3 Nce4 11. Bxf6 Qxf6 12. Qxf6 Nxf6 $14) (7... O-O $142 $1 {
In my opinion this is the best.} 8. a3 Be7 9. e3 c6 10. Nd2 (10. Bd3 Ne4 11.
Bf4 Ndf6 12. Ne5 Nxc3 13. Rxc3 Ne4 14. Bxe4 dxe4 $15) 10... Re8 11. Bd3 Nf8 12.
Bf4 (12. O-O Ng6) 12... Ng6 13. Bg3 Bg4 14. f3 Be6 15. O-O $13) 8. Bxf6 Bxc3+ (
8... Nxf6 $4 9. Qa4+) (8... Qxf6 9. Qb3 (9. a3 Bxc3+ 10. Rxc3 c6 11. Re3+ Kf8
12. g3 (12. h4 g6 13. h5 g5) 12... g6 $11) 9... Qd6 10. a3 Ba5 11. Qa4 $14) 9.
bxc3 {To strenghten the center is better than the rook lift.} (9. Rxc3 $2 Nxf6
10. Qa4+ c6 11. Qa3 Ne4 $15) 9... Nxf6 10. Qa4+ Bd7 (10... c6 11. Qb4 (11. Qa3
Qe7 12. Qxe7+ Kxe7 13. e3 Bf5 $11) 11... Qe7 12. e3 Bf5 13. Be2 a5 14. Qb2 O-O
15. O-O b5 16. Ne5 $14) 11. Qb4 b6 12. e3 Rc8 13. Bd3 c5 14. Qb2 (14. Qb1 O-O
15. O-O Qe7) 14... O-O 15. O-O Be6 (15... Qe7 $5 $11) 16. a4 $1 {Typical for
this structure.} Nd7 17. Ra1 Rb8 (17... Qf6 18. Bb5) 18. Qa3 Bg4 19. Nd2 (19.
Bb5 Bxf3 20. gxf3 Qg5+ 21. Kh1 Qf5 $11) (19. Kh1 $5 {looked like too
sophisticated.}) 19... Be6 20. Rfc1 (20. a5 Qc7) 20... Qf6 21. Bb5 Rfc8 22. a5
(22. c4 Rd8) 22... Nf8 23. axb6 axb6 24. Bd3 (24. Qa7 Qd8) 24... Bf5 25. Bxf5
Qxf5 26. Nf3 Ng6 (26... Ne6 27. h4 b5 28. Qa7 $13) 27. h3 Rc6 28. Qb2 Qf6 29.
Qb5 Rbc8 30. Rd1 Rd6 (30... Nh4 31. Nxh4 Qxh4 32. Ra8 $14) 31. Ra6 $14 cxd4 $2
{A move which black should not play unless he is really forced to.} 32. cxd4
Rc2 $4 {However surrendering the 8th rank is really unexpected and meek.} 33.
Qe8+ $18 Kh7 34. Ra8 h5 (34... Nh4 35. Qg8+ Kg6 36. Ne5+ Kf5 37. Rf8 (37. Qh7+
Ng6 38. Rg8 $18 (38. Ng4 $18))) 35. Qxf7 $1 {Un petit combinaison.} Kh6 36. Qg8
(36. Qe8 $18) 36... b5 37. Rb1 Qf5 38. Ra7 $1 (38. Qh8+ $6 {is unnecessary.}
Nxh8 39. Rxh8+ Qh7 (39... Kg6 40. Nh4+) 40. Rxh7+ Kxh7 41. Rxb5 $16) 38... Rd7
39. Ra6 Rc6 40. Rxc6 Qxb1+ 41. Kh2 1-0

[Event "Golden Sands Europe op 1st"]
[Site "Golden Sands"]
[Date "2012.06.08"]
[Round "5"]
[White "Atalik, Suat"]
[Black "Xiu, Deshun"]
[Result "1/2-1/2"]
[WhiteElo "2608"]
[BlackElo "2494"]
[Annotator "Atalik,S"]
[PlyCount "84"]
[EventDate "2012.06.04"]
[EventType "swiss"]
[EventRounds "9"]
[EventCountry "BUL"]
[SourceTitle "CBM 149"]
[Source "ChessBase"]
[SourceDate "2012.07.17"]
[SourceVersion "1"]
[SourceVersionDate "2012.07.17"]
[SourceQuality "1"]

1. d4 Nf6 2. c4 e6 3. Nf3 d5 4. Nc3 Bb4 {After having recovered in my
tournament situation I hit the Chinese Wall!} 5. cxd5 ({I used to play} 5. Bg5
h6 (5... dxc4 6. a3 Bxc3+ 7. bxc3 c6 (7... Qd5 8. Bxf6 gxf6 9. Nd2 f5 10. e4
fxe4 11. Bxc4 $44) (7... O-O 8. e4 h6 9. Bh4 g5 10. Nxg5 Nxe4 11. Nxe4 Qxh4 12.
Qf3 $44) (7... c5 8. e3 Qa5 9. Bxf6 Qxc3+ 10. Nd2 gxf6 11. Bxc4 cxd4 12. Rc1
Qa5 13. O-O $44) (7... Nbd7 8. e4 h6 9. Bh4 g5 10. Bg3 Nxe4 11. Bxc4 Nxg3 12.
fxg3 $44) (7... h6 8. Bxf6 Qxf6 9. e3 b5 10. a4 c6 11. Ne5 a6 12. g4 $5 $44) 8.
g3 Qa5 9. Qc2 Ne4 10. Bd2 Nxd2 11. Nxd2 b5 12. Bg2 Bb7 13. O-O $44) (5... Nbd7
6. Qb3 c5 7. a3 Ba5 (7... Qa5 8. Bd2 O-O (8... dxc4 9. Qxc4 Nb6 10. Qa2 $16) 9.
e3 Bxc3 10. Bxc3 Qd8 11. Rd1 $14) (7... dxc4 8. Qxc4 Bxc3+ 9. Qxc3 h6 10. Bh4
$14) (7... Bxc3+ 8. Qxc3 dxc4 9. Qxc4 b5 10. Qc3 $14) 8. cxd5 (8. e3 cxd4 9.
exd4 $14) 8... cxd4 9. Nxd4 O-O 10. e3 Nc5 11. Qc2 Bxc3+ 12. Qxc3 Nce4 13. Bxf6
Qxd5 14. Qc4 Nxf6 $11) 6. Bxf6 Qxf6 7. e3 (7. Qb3 c5 8. cxd5 exd5 9. e3 O-O 10.
dxc5 Bxc3+ 11. Qxc3 Qxc3+ 12. bxc3 Nd7 (12... Be6 13. Bb5 Rc8 14. Kd2 Rxc5 15.
Nd4 Rc7 16. Rhb1 $14) 13. Rd1 Nxc5 14. Rxd5 b6 15. Rd4 Be6 16. c4 Rac8 17. g4
$13) 7... O-O 8. Be2 dxc4 9. O-O $44) 5... exd5 6. Bg5 h6 (6... Nbd7 7. e3 c5
8. Be2 Qa5 9. O-O c4 (9... Bxc3 10. bxc3 c4 11. Qc2 Ne4 12. Rac1 Nb6 13. Bf4
O-O 14. Ne5 g5 15. f3 Nxc3 16. Bxg5 Nxe2+ 17. Qxe2 f6 18. Bh6 (18. f4 fxe5 19.
fxe5 $44) 18... fxe5 19. Bxf8 Kxf8 20. dxe5 Bf5 21. f4 $44) (9... O-O 10. Qc2
Bxc3 11. bxc3 Ne4 12. c4 cxd4 13. exd4 Nxg5 14. Nxg5 Nf6 15. c5 Bd7 16. Bd3 g6
17. Nf3 $14)) (6... c5 7. g3 cxd4 8. Qa4+ Nc6 9. Nxd4 Qb6 10. Bxf6 gxf6 11.
Nxc6 bxc6 12. Bg2 O-O 13. O-O $13) (6... Qd6 7. Nd2 c6 8. Qc2 h6 9. Nb5 Bxd2+
10. Bxd2 Qe7 11. Nc3 O-O 12. e3 $14) 7. Bh4 c5 (7... g5 8. Bg3 Ne4 9. Nd2 Nxg3
(9... Nxc3 10. bxc3 Bxc3 11. Rc1 Bb2 (11... Ba5 12. e3 c6 13. Bd3 Be6 14. O-O
Nd7 15. f4 $16) 12. Bxc7 Qe7 (12... Qd7 13. Rb1 Bc3 14. Be5 O-O 15. Rb3 Ba5 16.
h4 $40) 13. Bd6 Qe6 14. Rb1 Bc3 15. Ba3 Nc6 16. e3 Bxd4 17. Rc1 Bf6 18. Bb5 Be7
19. Bxe7 Kxe7 20. O-O $44) 10. hxg3 c6 (10... c5 11. a3 (11. e3 $5 {may be a
transposition to our game line.}) 11... Bxc3 12. bxc3 cxd4 13. cxd4 Nc6 14. e3
Kf8 15. Bd3 Kg7 $13) 11. Qc2 Be6 12. e3 Nd7 13. Bd3 Qe7 14. a3 Bd6 15. O-O-O
O-O-O 16. Nb5 Kb8 17. Nxd6 Qxd6 18. Kb1 h5 $13) 8. e3 g5 (8... Nc6 9. Bb5 (9.
dxc5 g5 10. Bg3 Ne4 11. Bb5 Nxc3 12. Bxc6+ bxc6 13. Qd4 Nxa2+ 14. Kf1 (14. Nd2
O-O 15. Rxa2 a5) (14. Kd1 f6 15. Rxa2 a5 16. h4 Kf7 $15) 14... O-O 15. Rxa2 a5
16. Bd6 Re8 17. Ne5 Ra6 18. h4 $36) 9... g5 (9... Qa5 10. O-O Bxc3 11. Bxc6+
bxc6 12. bxc3 Ne4 13. dxc5 $16) 10. Bg3 Ne4 {is analysed later.}) (8... c4 9.
Nd2 g5 10. Bg3 Bf5 11. Be2 O-O (11... Nc6 12. h4 (12. O-O O-O 13. f4 Bxc3 14.
bxc3 Ne4 15. Nxe4 Bxe4 $11) 12... Rg8 13. hxg5 hxg5 14. Rc1 $36) 12. h4 Re8 13.
a3 Bxc3 14. bxc3 Nbd7 15. hxg5 hxg5 $13) 9. Bg3 Ne4 10. Bb5+ (10. dxc5 Nxc3 11.
Qd4 Nxa2+ 12. Kd1 O-O) (10. Nd2 $5 Nxc3 11. bxc3 Bxc3 12. Rc1 Qa5 13. Qc2 $44)
10... Bd7 (10... Nc6 $5 {is another transposition.} 11. O-O Bxc3 12. bxc3 O-O
13. Bxc6 bxc6 14. dxc5 Nxc5 15. c4 Ba6 16. Ne5 Qe8 17. Qd4 Ne4 18. cxd5 Bxf1
19. Qxe4 cxd5 20. Qxd5 Rd8 21. Qc5 $44) (10... Kf8 11. dxc5 Nxc3 12. bxc3 Bxc3+
13. Ke2 Bxa1 14. Qxa1 f6 15. h4 Kg7 16. hxg5 hxg5 17. Nxg5 $13) 11. Bxd7+ Nxd7
12. dxc5 (12. O-O Bxc3 13. bxc3 O-O 14. dxc5 {is another transposition.}) 12...
O-O 13. O-O Bxc3 14. bxc3 Ndxc5 15. Rc1 $146 {A logical novelty.} (15. Be5 Rc8
16. Bd4 Ne6 $132) 15... Re8 $5 {The other rook move is also very good.} (15...
Rc8 16. Nd4 Nxg3 (16... Qf6 17. c4 (17. h3 Ne6) 17... dxc4 18. Rxc4 Rfd8 19.
Qe2 $13) 17. fxg3 $13) 16. Nd4 Qb6 (16... Qf6 17. h3 Nxg3 18. fxg3 Qg6 19. Nf5
Re5 20. g4 $40) 17. c4 ({I could have sacrificied a pawn with} 17. h3 $5 Nxg3
18. fxg3 Rxe3 19. Nf5 Re6 (19... Ne4 20. Kh2) 20. Rb1 Qd8 21. Qf3) 17... Rad8
18. Qc2 dxc4 19. Qxc4 Qg6 $1 {He righly prepares h5-h4.} 20. Rfd1 b6 21. a4 $1
{This really looks like the only move.} (21. Nb5 $2 Nxg3 22. hxg3 Nd3 23. Ra1 (
23. Rc3 Nb2 24. Rxd8 Rxd8 25. Qg4 Qb1+ (25... f5 26. Qe2 Rd1+ 27. Kh2 g4 28.
Rc8+ Kf7 29. Rc7+ Kf8 30. Rc8+ Ke7 $19) 26. Kh2 Nd1 $19) 23... Qf5 $36) (21.
Qe2 h5 22. f3 Nxg3 23. hxg3 g4 $1 $17) 21... h5 22. a5 h4 23. Bc7 Rd7 24. axb6
axb6 25. Qb5 $2 {A product of miscalculation.} (25. Nb5 Ree7 26. Bd8 $1 {
was the only way to continue the fight.}) 25... Rc8 {After this I simply could
not believe...} 26. Be5 ({...that} 26. Bxb6 $4 Rb7 $19 {loses a piece!} (26...
Rb8 $2 27. Nc6 (27. Rxc5 Nxc5 28. Qxc5 Qxb6 29. Qxg5+ Qg6 30. Qxg6+ (30. Qxh4
Rb1 31. Rf1 Qd3 32. Qg5+ Kf8 33. Qc5+ $11) 30... fxg6 $13) 27... Rxd1+ 28. Rxd1
Rb7 29. Bxc5 Rxb5 30. Ne7+ Kh7 31. Nxg6 Rxc5 32. Ne7 $14)) 26... Rd5 $1 27. Nf3
$138 (27. f4 $5 {looks very ugly but may be possible.} f6 (27... gxf4 28. Bxf4
Kh7 29. Qe2 $13) 28. Qxb6 Kh7 (28... h3 29. Ne6 gxf4 30. Nxf4 Rxd1+ 31. Rxd1
Qg4 32. Rd8+ Kg7 33. Bxf6+ Nxf6 34. Qd6 Rxd8 35. Qe7+ Kg8 36. Qxd8+ Kf7 37.
Nxh3 $11) 29. Bb8 h3 30. f5 Qh5 31. gxh3 Qxh3 32. Bg3 Nxg3 33. Qxf6 Rxf5 34.
Qe7+ Kg8 35. Qd6 Rf3 36. Qd5+ Rf7 37. hxg3 Qxg3+ 38. Kh1 Kg7 39. Ne6+ Kh8 40.
Nxg5 Rf2 41. Nf7+ Rxf7 42. Qxf7 Qh3+ 43. Kg1 Rg8+ 44. Qxg8+ Kxg8 $11) 27...
Rxd1+ 28. Rxd1 h3 $2 $138 {This part of the game is played extremely badly due
to a shortage of time.} (28... g4 29. Ne1 (29. Nxh4 Qg5 $19 {with the
d8-square controlled Black wins easily.} (29... Qh5 $4 30. Qc6 $1)) (29. Nd2
Nxf2) 29... Nxf2 30. Rd6 Qf5 31. Bf4 Nfe4 32. Rxb6 $132) 29. g4 $4 {There
exist no words to explain this howler.} (29. gxh3 $4 g4 30. Ne1 (30. Nh4 Qg5 (
30... Qh5 31. Qc6) 31. Qxb6 Qxh4 (31... Qxe5 $2 32. Rd8+ Rxd8 33. Qxd8+ Kh7 34.
hxg4 Qa1+ 35. Kg2 Qe1 $19) 32. Bg3 Qxh3 $19) 30... gxh3+ 31. Kf1 (31. Bg3 Nc3)
31... Nxf2 $19) (29. Ba1 $1 {is practically the only move.} Qh5 (29... hxg2 30.
Ne5 Qf5 31. f3 Nc3 32. Bxc3 Qc2 33. Qb1 Qxc3 34. Ng4 $40) 30. Qb2 f6 31. Qc2
hxg2 (31... Qg4 32. Ne1) 32. Nd4 $36) 29... Qe6 $19 30. Kf1 Qxg4 31. Ke2 Qe6 $2
(31... Qg2 32. Rf1 Ra8 33. Qb1 $17 {keeps some hopes.}) (31... Qf5 $1 $19 {
is probably the best of all, deciding the issue immediately.}) 32. Bb2 Nb3 $4 (
32... Qf5 33. Qxb6 Nd7 $19 {is again the simplest of all.}) 33. Qd3 $4 {
One mistake follows another.} (33. Nxg5 Qg4+ 34. Nf3 Rc2+ (34... Qg2 $2 35. Rg1
) 35. Kd3 Rxb2 36. Qe8+ Kg7 37. Qe5+ f6 38. Qe7+ Kh6 39. Qf8+ Qg7 40. Qxg7+
Kxg7 41. Kxe4 Rxf2 42. Kf4 Nc5 43. Rd6 $17) 33... Qf5 $1 $19 {Now Black is
winning again.} 34. Qd8+ {The only chance.} Rxd8 $4 {This was not forced.} (
34... Kh7 35. Rd5 Rc2+ 36. Ke1 Qxf3 $19) 35. Rxd8+ Kh7 36. Rh8+ Kg6 37. Rg8+
Kh6 38. Rh8+ Qh7 39. Rxh7+ (39. Ne5 $5 Qxh8 40. Nxf7+ Kh5 41. Nxh8 $15) 39...
Kxh7 40. Ng1 $2 (40. Ne5 $44) 40... Kg6 $2 (40... g4 41. f3 Nc1+ $3 (41... g3
42. Be5) 42. Bxc1 g3 $19 {and Black wins since there is no Be5 anymore.}) 41.
Nxh3 f5 42. f3 $11 {Now it is more or less equal.} Nd6 {I was happy to hear a
draw offer.} (42... Nd6 43. Kd3 b5 44. Ba3 Nc4 45. Bb4 Nba5 $36) 1/2-1/2